Word Ladder: Mammals Quiz Stats

 Plays Quiz Updated Jun 1, 2012

Support Sporcle.
Go Orange.
Score 0/18 Timer 02:00
0 Plays Today
Clue 4-Letter Word % Correct
Black, brown, or polar, e.g.•BEAR•
99%
Common bar beverageBEER
98.5%
Antlered animal•DEER•
98.3%
Soccer objectiveGOAL
96.8%
Water transportBOAT
96.3%
Male pig•BOAR•
95.7%
Billiard gamePOOL
95.5%
Tortoise rival•HARE•
93.4%
Zero volume on a TVMUTE
92.6%
Clue 4-Letter Word % Correct
Sheep relative•GOAT•
92.3%
Flag holderPOLE
91.8%
Burrowing mammal•MOLE•
91.1%
Young horse•FOAL•
90.7%
Survey; electionPOLL
90.5%
Australian buddyMATE
90.4%
An adult female horse•MARE•
90.3%
Horse and donkey offspring•MULE•
89.9%
April celebrantFOOL
88.9%

Today's Daily Dose

Word Ladder
ING Words

Get the Picture
Nearest Volcano

From the Vault

Superman Characters Blitz

by Thebiguglyalien

Hopefully this won't be your kryptonite.
Remove Ads.
Support Sporcle.
Get the best of Sporcle when you Go Orange. This ad-free experience offers more features, more stats, and more fun while also helping to support Sporcle. Thank you for becoming a member.

Show Comments

Extras

Top Quizzes Today


Score Distribution

Your Account Isn't Verified!

In order to create a playlist on Sporcle, you need to verify the email address you used during registration. Go to your Sporcle Settings to finish the process.

Report this User

Report this user for behavior that violates our Community Guidelines.

Details: